লোডিং...

Instrumentation in earthquake seismology

গ্রন্থ-পঞ্জীর বিবরন
প্রধান লেখক: Havskov, Jens
অন্যান্য লেখক: Gerardo Alguacil
বিন্যাস: Printed Book
ভাষা:English
প্রকাশিত: Netherlands Springer 2006
বিষয়গুলি:
LEADER 00593nam a22001817a 4500
005 20151026130402.0
008 091029t xxu||||| |||| 00| 0 eng d
020 |a 1-4020-2968-3 
080 |a 550.34.03  |b HAV 
100 |a Havskov, Jens  |9 9158 
245 |a Instrumentation in earthquake seismology 
260 |a Netherlands  |b Springer  |c 2006  |9 9159 
300 |a xii, 358p. 
653 |a Seismology - Instruments 
700 |a Gerardo Alguacil  |9 9160 
942 |c BK  |6 _ 
999 |c 4221  |d 4221 
952 |0 0  |1 0  |2 udc  |4 0  |6 5503403_HAV  |7 0  |9 15308  |a UL  |b UL  |d 2009-10-29  |o 550.34.03 HAV  |p 00056256  |r 2009-10-29  |w 2009-10-29  |y BK